Using Secondary Data in Educational and Social Research / (Record no. 17383)
[ view plain ]
| 000 -LEADER | |
|---|---|
| fixed length control field | 01310nam a2200289 a 4500 |
| 001 - CONTROL NUMBER | |
| control field | 015517797 |
| 003 - CONTROL NUMBER IDENTIFIER | |
| control field | Uk |
| 005 - DATE AND TIME OF LATEST TRANSACTION | |
| control field | 20130320134218.0 |
| 008 - FIXED-LENGTH DATA ELEMENTS--GENERAL INFORMATION | |
| fixed length control field | 080222s2008 enkab b 001 0 eng d |
| 020 ## - INTERNATIONAL STANDARD BOOK NUMBER | |
| International Standard Book Number | 0335223575 (hbk.) |
| 020 ## - INTERNATIONAL STANDARD BOOK NUMBER | |
| International Standard Book Number | 9780335223572 (hbk.) |
| 020 ## - INTERNATIONAL STANDARD BOOK NUMBER | |
| International Standard Book Number | 0335223583 (pbk.) |
| 020 ## - INTERNATIONAL STANDARD BOOK NUMBER | |
| International Standard Book Number | 9780335223589 (pbk.) |
| 082 04 - DEWEY DECIMAL CLASSIFICATION NUMBER | |
| Classification number | 370.7 |
| Edition number | 22 |
| Item number | SMI |
| 100 1# - MAIN ENTRY--PERSONAL NAME | |
| Personal name | Smith, Emma, |
| Titles and other words associated with a name | Dr. |
| 9 (RLIN) | 32914 |
| 245 10 - TITLE STATEMENT | |
| Title | Using Secondary Data in Educational and Social Research / |
| Statement of responsibility, etc | Emma Smith. |
| 260 ## - PUBLICATION, DISTRIBUTION, ETC. (IMPRINT) | |
| Place of publication, distribution, etc | Maidenhead ; |
| -- | New York, NY : |
| Name of publisher, distributor, etc | Open University Press, |
| Date of publication, distribution, etc | c2008. |
| 300 ## - PHYSICAL DESCRIPTION | |
| Extent | x, 249 p. : |
| Other physical details | ill., map ; |
| Dimensions | 24 cm. |
| 490 1# - Series Statement | |
| Series statement | Conducting educational research |
| 504 ## - BIBLIOGRAPHY, ETC. NOTE | |
| Bibliography, etc | Includes bibliographical references (p. [233]-246) and index. |
| 505 0# - FORMATTED CONTENTS NOTE | |
| Formatted contents note | Secondary data analysis: an introduction -- Pitfalls of secondary data analysis -- Promises of secondary data analysis -- Doing secondary analysis -- Sure start and leisure habits: secondary analysis of aggregate data -- Traffic jams and gap years: secondary analysis of survey data -- From PISA to California: secondary analysis of international data -- Endpiece. |
| 650 #0 - SUBJECT ADDED ENTRY--TOPICAL TERM | |
| Topical term or geographic name as entry element | Social sciences |
| General subdivision | Research. |
| 9 (RLIN) | 32915 |
| 650 #0 - SUBJECT ADDED ENTRY--TOPICAL TERM | |
| Topical term or geographic name as entry element | Education |
| General subdivision | Research. |
| 9 (RLIN) | 32916 |
| 650 #0 - SUBJECT ADDED ENTRY--TOPICAL TERM | |
| Topical term or geographic name as entry element | Social sciences |
| General subdivision | Methodology. |
| 9 (RLIN) | 32917 |
| 653 ## - INDEX TERM--UNCONTROLLED | |
| Resource For college | |
| Arrived date list | March2013 |
| 942 ## - ADDED ENTRY ELEMENTS (KOHA) | |
| Source of classification or shelving scheme | Dewey Decimal Classification |
| Item type | Book - Borrowing |
| Withdrawn status | Item status | Source of classification or shelving scheme | Damaged status | Not for loan | Vendor | Home library | Current library | Shelving location | Date acquired | Source of acquisition | Total Checkouts | Total Renewals | Full call number | Barcode | Date last seen | Date last borrowed | Koha item type |
|---|---|---|---|---|---|---|---|---|---|---|---|---|---|---|---|---|---|
| Dewey Decimal Classification | Baccah | Central Library | Central Library | First floor | 20/03/2013 | 1 | 1 | 370.7 SMI | 000028563 | 15/07/2025 | 15/02/2016 | Book - Borrowing | |||||
| Dewey Decimal Classification | Baccah | Central Library | Central Library | First floor | 20/03/2013 | 370.7 SMI | 000028564 | 15/07/2025 | Book - Borrowing | ||||||||
| Dewey Decimal Classification | Baccah | Central Library | Central Library | First floor | 20/03/2013 | 370.7 SMI | 000028565 | 15/07/2025 | Book - Borrowing |